[Event "BAN-ch (Women)"]
[White "Israt, Jahan Diba"]
[Black "Nusrat Jahan, Alo"]
[Site "Dhaka"]
[Round "11"]
[Result "1/2-1/2"]
[Date "2024.05.30"]
[WhiteElo "1903"]
[BlackElo "1849"]
[PlyCount "35"]
[EventDate "2024.05.20"]
[EventType "tourn"]
[EventRounds "11"]
[EventCountry "BAN"]
[SourceTitle "CBM 220 Extra"]
[Source "ChessBase"]
[SourceDate "2024.07.31"]
[SourceVersion "1"]
[SourceVersionDate "2024.07.31"]
[SourceQuality "1"]

1. e4 c6 2. d4 d5 3. Nc3 dxe4 4. Nxe4 Nf6 5. Nxf6+ exf6 6. Bf4 Be6 7. c3 Be7 8. Nf3 0-0 9. Bd3 Re8 10. Qc2 Bd6 11. Be3 h5 12. Nh4 Qc7 13. h3 Nd7 14. 0-0 Nf8 15. c4 g5 16. Nf5 Bxf5 17. Bxf5 Kg7 18. Qd1 1/2-1/2

[Event "Dhaka (Women) op 14th"]
[White "Israt, Jahan Diba"]
[Black "Ahmed, Walijah"]
[Site "Dhaka"]
[Round "7"]
[Result "0-1"]
[Date "2024.05.11"]
[WhiteElo "1903"]
[BlackElo "1873"]
[PlyCount "72"]
[EventDate "2024.05.05"]
[EventType "swiss"]
[EventRounds "9"]
[EventCountry "BAN"]
[SourceTitle "CBM 220 Extra"]
[Source "ChessBase"]
[SourceDate "2024.07.31"]
[SourceVersion "1"]
[SourceVersionDate "2024.07.31"]
[SourceQuality "1"]

1. e4 c5 2. Nf3 e6 3. d4 cxd4 4. Nxd4 a6 5. Bd3 b5 6. 0-0 Bb7 7. Be3 Qc7 8. Nd2 Nc6 9. a3 Nf6 10. Kh1 Nxd4 11. Bxd4 Bd6 12. Bxf6 gxf6 13. Qh5 Ke7 14. Nf3 Rag8 15. Rad1 Rg7 16. g3 Rhg8 17. Rd2 Rg4 18. Rfd1 Bc6 19. Nd4 Bb7 20. Bxb5 Bxe4+ 21. f3 axb5 22. fxe4 Qb7 23. Nf3 Qxe4 24. Kg2 R8g5 25. Qh3 Rf5 26. Rf1 Bc5 27. b4 Bb6 28. Rd3 h5 29. Rfd1 Qe2+ 30. Kh1 Rxf3 31. Rxd7+ Ke8 32. R7d2 Qe4 33. Qg2 h4 34. Re2 Qf5 35. Rde1 hxg3 36. h3 Rh4 0-1

[Event "Dhaka (Women) op 14th"]
[White "Tasnia Tarannum, Orpa"]
[Black "Israt, Jahan Diba"]
[Site "Dhaka"]
[Round "4"]
[Result "0-1"]
[Date "2024.05.08"]
[WhiteElo "1795"]
[BlackElo "1903"]
[PlyCount "176"]
[EventDate "2024.05.05"]
[EventType "swiss"]
[EventRounds "9"]
[EventCountry "BAN"]
[SourceTitle "CBM 220 Extra"]
[Source "ChessBase"]
[SourceDate "2024.07.31"]
[SourceVersion "1"]
[SourceVersionDate "2024.07.31"]
[SourceQuality "1"]

1. d4 d5 2. c4 e6 3. Nf3 Nf6 4. g3 Be7 5. Bg2 0-0 6. 0-0 b6 7. Nc3 Bb7 8. cxd5 exd5 9. Qc2 Nbd7 10. Re1 Rc8 11. Nb5 a6 12. Na7 Ra8 13. Nc6 Bxc6 14. Qxc6 Rc8 15. Bh3 Bb4 16. Bd2 Bxd2 17. Nxd2 Ra8 18. Rac1 Ra7 19. e4 Nb8 20. Qc3 dxe4 21. Nxe4 Nd5 22. Qb3 c6 23. Re2 Re7 24. Rce1 Rfe8 25. Qf3 h6 26. Qa3 a5 27. Kf1 Nb4 28. Qb3 Qxd4 29. Rd1 Qe5 30. Qf3 Qc7 31. Qg4 Kf8 32. a3 Nd5 33. Bg2 Nd7 34. Rc2 N7f6 35. Nxf6 Nxf6 36. Qc4 c5 37. b4 axb4 38. axb4 Qe5 39. Rcc1 cxb4 40. Qxb4 Qa5 41. Qd6 Kg8 42. Bc6 Re6 43. Qd3 Rf8 44. Bf3 Nh7 45. h4 Nf6 46. Ra1 Qc5 47. Rac1 Qe7 48. Rb1 Rb8 49. Rb5 Ne4 50. Rd5 Nc5 51. Qb1 Re8 52. R5d4 Rf6 53. Kg2 Rg6 54. Qf5 Rf6 55. Qd5 g6 56. Rb1 Qe5 57. Qxe5 Rxe5 58. Rd8+ Kg7 59. Rb2 Ree6 60. Rb8 Nd3 61. Re2 Ne1+ 62. Rxe1 Rxe1 63. Rb7 Rb1 64. g4 Rb2 65. Rd7 b5 66. Rb7 b4 67. Rb5 Rd6 68. Bd5 Rd2 69. Bf3 R6d4 70. Rb7 Rb2 71. Kg3 Rdd2 72. Bc6 Rxf2 73. Bd5 Rf6 74. Bc4 Rb1 75. Bd5 Rd1 76. Be4 Rd4 77. g5 hxg5 78. hxg5 Rfd6 79. Kf3 Re6 80. Bc2 Re5 81. Ba4 Rxg5 82. Ke3 Rh4 83. Bc6 Rg3+ 84. Kf2 Rc3 85. Bd5 Rf4+ 86. Kg2 g5 87. Rb6 Rd4 88. Bf3 Rd2+ 0-1

[Event "Dhaka Laila Alam Cup (Women) 12th"]
[White "Israt, Jahan Diba"]
[Black "Kazi Zarin, Tasnim"]
[Site "Dhaka"]
[Round "4"]
[Result "0-1"]
[Date "2022.05.08"]
[WhiteElo "1757"]
[BlackElo "1899"]
[PlyCount "152"]
[EventDate "2022.05.05"]
[EventType "swiss"]
[EventRounds "7"]
[EventCountry "BAN"]
[SourceTitle "CBM 208 Extra"]
[Source "ChessBase"]
[SourceDate "2022.07.31"]
[SourceVersion "1"]
[SourceVersionDate "2022.07.31"]
[SourceQuality "1"]

1. e4 e5 2. Nf3 Nc6 3. Bc4 Bc5 4. 0-0 Nf6 5. d3 h6 6. c3 d6 7. Nbd2 0-0 8. a4 a6 9. b4 Ba7 10. h3 Re8 11. Re1 Be6 12. Bb2 Qd7 13. Bxe6 Rxe6 14. Nc4 Ne7 15. Qc2 Ng6 16. Ne3 Rae8 17. Rac1 c6 18. Nf5 Bb8 19. g4 Nf4 20. Kh2 Nh7 21. d4 exd4 22. N3xd4 Rg6 23. Nf3 Ng5 24. Nxg5 hxg5 25. c4 d5 26. e5 Rge6 27. Rcd1 Bxe5 28. Rxe5 Rxe5 29. Bxe5 Rxe5 30. Qc3 f6 31. cxd5 Nxd5 32. Qb3 Qe6 33. b5 axb5 34. axb5 Re2 35. bxc6 bxc6 36. Qb8+ Kh7 37. Qa7 Qe5+ 38. Kg1 Re1+ 39. Rxe1 Qxe1+ 40. Kh2 Qe5+ 41. Kg1 Qc7 42. Qxc7 Nxc7 43. Kg2 Nd5 44. Kf3 Kg8 45. Ke4 Kf7 46. Nd4 Ne7 47. Kd3 Ke8 48. Kc4 Kd7 49. Kc5 Ng6 50. Nf5 Nf4 51. Nxg7 Nd3+ 52. Kd4 Nxf2 53. Nh5 Ke7 54. Kc5 Nxh3 55. Kxc6 Nf2 56. Kd5 Nxg4 57. Ke4 Kf7 58. Kf5 Nh6+ 59. Ke4 f5+ 60. Kf3 Kg6 61. Ng3 Ng8 62. Ne2 Nf6 63. Nd4 Nh5 64. Ne2 g4+ 65. Kg2 f4 66. Kf2 Kg5 67. Nd4 Kf6 68. Ne2 Ke5 69. Nc3 Nf6 70. Ne2 f3 71. Ng1 Kf4 72. Ke1 Ne4 73. Kf1 Ke3 74. Ne2 fxe2+ 75. Ke1 Kf4 76. Kxe2 Kg3 0-1

[Event "BAN-ch U20 Girls"]
[White "Israt, Jahan Diba"]
[Black "Wadifa, Ahmed"]
[Site "Dhaka"]
[Round "9"]
[Result "1/2-1/2"]
[Date "2022.02.23"]
[WhiteElo "1697"]
[BlackElo "1786"]
[PlyCount "71"]
[EventDate "2022.02.15"]
[EventType "swiss"]
[EventRounds "9"]
[EventCountry "BAN"]
[SourceTitle "CBM 207 Extra"]
[Source "ChessBase"]
[SourceDate "2022.05.31"]
[SourceVersion "1"]
[SourceVersionDate "2022.05.31"]
[SourceQuality "1"]

1. e4 b6 2. d4 Bb7 3. Nf3 Bxe4 4. Nc3 Bb7 5. Bf4 Nf6 6. Bc4 e6 7. d5 Bb4 8. dxe6 fxe6 9. 0-0 0-0 10. Ng5 Nc6 11. Nb5 h6 12. Nxe6 dxe6 13. Nxc7 Kh8 14. Qxd8 Rfxd8 15. Nxa8 Bxa8 16. c3 e5 17. Be3 Be7 18. Rad1 Rf8 19. Be6 e4 20. Bf4 Nh5 21. Be3 Ne5 22. Bd5 Nd3 23. Bxa8 Rxa8 24. f3 Nxb2 25. Rd7 Bf8 26. fxe4 Nf6 27. Rf7 Kg8 28. Rc7 Bd6 29. Rb7 Nc4 30. Bxh6 Bc5+ 31. Kh1 gxh6 32. Rxf6 Rd8 33. Rg6+ Kf8 34. Rf6+ Kg8 35. Rg6+ Kf8 36. Rf6+ 1/2-1/2

[Event "BAN-ch U20 Girls"]
[White "Kazi Zarin, Tasnim"]
[Black "Israt, Jahan Diba"]
[Site "Dhaka"]
[Round "6"]
[Result "1-0"]
[Date "2022.02.20"]
[WhiteElo "1801"]
[BlackElo "1697"]
[PlyCount "101"]
[EventDate "2022.02.15"]
[EventType "swiss"]
[EventRounds "9"]
[EventCountry "BAN"]
[SourceTitle "CBM 207 Extra"]
[Source "ChessBase"]
[SourceDate "2022.05.31"]
[SourceVersion "1"]
[SourceVersionDate "2022.05.31"]
[SourceQuality "1"]

1. e4 c5 2. Nf3 d6 3. d4 cxd4 4. Nxd4 Nf6 5. Nc3 g6 6. Be3 Bg7 7. f3 0-0 8. Qd2 Nc6 9. 0-0-0 d5 10. Qe1 e5 11. Nxc6 bxc6 12. exd5 cxd5 13. Bg5 Be6 14. Bc4 Qa5 15. Nxd5 Qxe1 16. Rhxe1 Nxd5 17. Bxd5 Bxd5 18. Rxd5 f6 19. Be3 Rf7 20. Red1 Re7 21. Rd8+ Rxd8 22. Rxd8+ Kf7 23. Ra8 Ke6 24. Rxa7 Rxa7 25. Bxa7 Bh6+ 26. Kd1 Kd5 27. Ke2 Kc4 28. Be3 Bf8 29. a4 Bb4 30. Bb6 Bd6 31. a5 Kb5 32. c4+ Kxc4 33. a6 Bb8 34. a7 Bxa7 35. Bxa7 Kb3 36. Bc5 Kxb2 37. Be7 f5 38. Bf6 Kc3 39. Bxe5+ Kc2 40. Bf4 h5 41. h4 Kc3 42. Be5+ Kc2 43. Ke3 Kd1 44. Bc3 Kc2 45. Be1 Kd1 46. Bb4 f4+ 47. Kxf4 Ke2 48. g4 hxg4 49. fxg4 Kd3 50. h5 gxh5 51. gxh5 1-0

[Event "BAN-ch U20 Girls"]
[White "Tasnia Tarannum, Orpa"]
[Black "Israt, Jahan Diba"]
[Site "Dhaka"]
[Round "5"]
[Result "0-1"]
[Date "2022.02.19"]
[WhiteElo "1678"]
[BlackElo "1697"]
[PlyCount "68"]
[EventDate "2022.02.15"]
[EventType "swiss"]
[EventRounds "9"]
[EventCountry "BAN"]
[SourceTitle "CBM 207 Extra"]
[Source "ChessBase"]
[SourceDate "2022.05.31"]
[SourceVersion "1"]
[SourceVersionDate "2022.05.31"]
[SourceQuality "1"]

1. e4 c5 2. Nf3 d6 3. d4 cxd4 4. Nxd4 Nf6 5. Nc3 g6 6. Be3 Bg7 7. f3 0-0 8. Qd2 Nc6 9. 0-0-0 d5 10. exd5 Nxd5 11. Nxc6 bxc6 12. Bd4 Be6 13. Bxg7 Kxg7 14. Bc4 Nc7 15. Qe2 Qc8 16. h4 Rb8 17. Bxe6 Nxe6 18. h5 Qb7 19. b3 Qc7 20. hxg6 hxg6 21. Qe3 Rh8 22. Ne2 Rxh1 23. Rxh1 Rh8 24. Qc3+ f6 25. Re1 Rh2 26. Qc4 Qe5 27. Rg1 Qe3+ 28. Kb2 c5 29. Rd1 Rxg2 30. Nc3 Nd4 31. Rc1 Nxf3 32. Qa6 Ne1 33. Rxe1 Qxe1 34. Qxa7 Rg1 0-1

[Event "BAN-ch U20 Girls"]
[White "Israt, Jahan Diba"]
[Black "Shimon, Ahmed"]
[Site "Dhaka"]
[Round "4"]
[Result "1-0"]
[Date "2022.02.18"]
[WhiteElo "1697"]
[BlackElo "1203"]
[PlyCount "51"]
[EventDate "2022.02.15"]
[EventType "swiss"]
[EventRounds "9"]
[EventCountry "BAN"]
[SourceTitle "CBM 207 Extra"]
[Source "ChessBase"]
[SourceDate "2022.05.31"]
[SourceVersion "1"]
[SourceVersionDate "2022.05.31"]
[SourceQuality "1"]

1. e4 c5 2. Nf3 Nc6 3. d4 cxd4 4. Nxd4 e6 5. Nc3 Bc5 6. Be3 Bb6 7. Ncb5 d5 8. Bd3 a6 9. Nxc6 bxc6 10. Bxb6 Qxb6 11. Nd6+ Ke7 12. Nxc8+ Rxc8 13. exd5 cxd5 14. b3 Nf6 15. 0-0 h6 16. Qe2 a5 17. Kh1 Rc5 18. f4 Re8 19. Rae1 Nd7 20. Qg4 Kf8 21. Qf3 e5 22. fxe5 Nxe5 23. Rxe5 Qc7 24. Rxe8+ Kxe8 25. Qe3+ Kf8 26. Bg6 1-0

[Event "BAN-ch U20 Girls"]
[White "Ahmed, Walijah"]
[Black "Israt, Jahan Diba"]
[Site "Dhaka"]
[Round "3"]
[Result "1-0"]
[Date "2022.02.17"]
[WhiteElo "1953"]
[BlackElo "1697"]
[PlyCount "73"]
[EventDate "2022.02.15"]
[EventType "swiss"]
[EventRounds "9"]
[EventCountry "BAN"]
[SourceTitle "CBM 207 Extra"]
[Source "ChessBase"]
[SourceDate "2022.05.31"]
[SourceVersion "1"]
[SourceVersionDate "2022.05.31"]
[SourceQuality "1"]

1. e4 c5 2. Nc3 Nc6 3. f4 e6 4. Nf3 d5 5. e5 f6 6. Bb5 a6 7. Bxc6+ bxc6 8. 0-0 Be7 9. d4 g6 10. f5 exf5 11. Re1 Kf7 12. Ne2 h5 13. exf6 Bxf6 14. Bf4 Qb6 15. Be5 Nh6 16. h3 Rg8 17. Qd2 g5 18. h4 Ng4 19. Bxf6 Nxf6 20. Nxg5+ Kf8 21. Nf4 cxd4 22. Nfe6+ Bxe6 23. Nxe6+ Kf7 24. Qh6 Ne4 25. Ng5+ Nxg5 26. hxg5 Qd8 27. Qxh5+ Rg6 28. Qh7+ Rg7 29. Qxf5+ Kg8 30. Qe6+ Kh7 31. Qf5+ Kg8 32. Re5 Rc8 33. Qe6+ Kh7 34. Rf1 d3 35. g6+ Kh6 36. Qh3+ Kxg6 37. Qh5# 1-0

[Event "BAN-ch U20 Girls"]
[White "Israt, Jahan Diba"]
[Black "Opsora Ali, Khan"]
[Site "Dhaka"]
[Round "2"]
[Result "1-0"]
[Date "2022.02.16"]
[WhiteElo "1697"]
[BlackElo "1239"]
[PlyCount "65"]
[EventDate "2022.02.15"]
[EventType "swiss"]
[EventRounds "9"]
[EventCountry "BAN"]
[SourceTitle "CBM 207 Extra"]
[Source "ChessBase"]
[SourceDate "2022.05.31"]
[SourceVersion "1"]
[SourceVersionDate "2022.05.31"]
[SourceQuality "1"]

1. e4 e5 2. Nf3 Nc6 3. Bc4 Nf6 4. Ng5 d5 5. exd5 h6 6. Nxf7 Kxf7 7. dxc6+ Ke8 8. Qe2 Qd6 9. cxb7 Bxb7 10. 0-0 Be7 11. Re1 e4 12. Nc3 Qe5 13. d3 Bd6 14. f4 Bc5+ 15. Be3 Qf5 16. Bxc5 Qxc5+ 17. Kh1 Kf8 18. Nxe4 Bxe4 19. dxe4 Rb8 20. Bb3 Rb4 21. Qa6 Rb8 22. Qe6 Rxb3 23. Qxb3 Ng4 24. h3 h5 25. Qb8+ Kf7 26. Qxh8 Nf6 27. e5 Qxc2 28. exf6 Kxf6 29. Qf8+ Kg6 30. Re6+ Kh7 31. Qf7 Qxb2 32. Qg6+ Kh8 33. Re8# 1-0

[Event "Dhaka Al Mahmud Memorial"]
[White "Jodunath, Biswas"]
[Black "Israt, Jahan Diba"]
[Site "Dhaka"]
[Round "9"]
[Result "1-0"]
[Date "2022.02.13"]
[WhiteElo "1845"]
[BlackElo "1697"]
[PlyCount "93"]
[EventDate "2022.02.05"]
[EventType "swiss"]
[EventRounds "9"]
[EventCountry "BAN"]
[SourceTitle "EXT 2023"]
[Source "ChessBase"]
[SourceDate "2022.10.05"]
[SourceVersion "1"]
[SourceVersionDate "2022.10.05"]
[SourceQuality "1"]

1. e4 c5 2. Nf3 d6 3. g3 Nf6 4. d3 g6 5. Bg2 Bg7 6. c3 Nc6 7. h3 Bd7 8. Be3 Qc8 9. Nbd2 0-0 10. Rc1 Ne8 11. g4 Nf6 12. Nf1 c4 13. g5 Nh5 14. dxc4 Be6 15. N1d2 Ne5 16. Nxe5 Bxe5 17. b3 f5 18. Nf3 Bf4 19. Nd4 Bxe3 20. fxe3 fxe4 21. Bxe4 Ng3 22. Nxe6 Rf7 23. Qd5 Nxh1 24. Bxh1 Rf5 25. Qxb7 Rb8 26. Qxc8+ Rxc8 27. Bd5 Kh8 28. Ke2 h6 29. e4 Re5 30. h4 a5 31. a4 Rb8 32. Rb1 Kh7 33. b4 hxg5 34. hxg5 Kg8 35. Kd3 Kf7 36. Rf1+ Kg8 37. b5 Rc8 38. Kd4 Rb8 39. c5 Rc8 40. c6 Rb8 41. c7 Re8 42. b6 Rc8 43. b7 Rf8 44. Rxf8+ Kh7 45. Rf7+ Kg8 46. Rg7+ Kh8 47. c8Q# 1-0

[Event "BAN-ch (Women)"]
[White "Israt, Jahan Diba"]
[Black "Ahmed, Walijah"]
[Site "Dhaka"]
[Round "3"]
[Result "0-1"]
[Date "2021.12.31"]
[WhiteElo "1630"]
[BlackElo "1919"]
[PlyCount "142"]
[EventDate "2021.12.29"]
[EventType "swiss"]
[EventRounds "11"]
[EventCountry "BAN"]
[SourceTitle "EXT 2023"]
[Source "ChessBase"]
[SourceDate "2022.10.05"]
[SourceVersion "1"]
[SourceVersionDate "2022.10.05"]
[SourceQuality "1"]

1. e4 c5 2. Nf3 e6 3. d4 cxd4 4. Nxd4 Nc6 5. Nc3 Qc7 6. Be2 a6 7. 0-0 Nf6 8. Bg5 Be7 9. Nxc6 bxc6 10. Kh1 d5 11. f4 h6 12. Bxf6 Bxf6 13. e5 Be7 14. Rf3 c5 15. Rg3 g6 16. Qd2 Bb7 17. Nd1 h5 18. Rh3 Bc6 19. Ne3 Qb7 20. c3 Rd8 21. Bf1 Bb5 22. Kg1 d4 23. Nc4 Qd5 24. Nb6 Qc6 25. Nc4 dxc3 26. Qxc3 Rd4 27. Rf3 0-0 28. b3 Qc7 29. Rc1 Rfd8 30. a4 Bc6 31. Rf2 Ba8 32. Na5 Qb6 33. Nc4 Qb8 34. Na5 Qa7 35. Nc4 Rc8 36. Rcc2 Qb8 37. Rcd2 Rcd8 38. Ne3 Qa7 39. Nc4 Bd5 40. Be2 Qc7 41. Bf1 Rb8 42. Na5 Qb6 43. Rb2 h4 44. Nc4 Qc7 45. Ne3 Qb7 46. Nc2 Rxa4 47. bxa4 Qxb2 48. Qxb2 Rxb2 49. Bxa6 Bb3 50. Ne3 Rb1+ 51. Rf1 Rxf1+ 52. Kxf1 Bxa4 53. Bc4 Bc6 54. g4 g5 55. f5 Bd7 56. Bd3 Bd8 57. Nc4 Bc7 58. Kf2 Bb5 59. fxe6 fxe6 60. h3 Bc6 61. Bf1 Bd5 62. Ke3 Kf7 63. Kd3 Ke7 64. Ke3 Kd7 65. Kd3 Kc6 66. Kc3 Bh1 67. Kd3 Kd5 68. Nd2 Bxe5 69. Ke3 Bf4+ 70. Kd3 Bxd2 71. Kxd2 Ke5 0-1

[Event "Sheikh Kamal Online Inv"]
[White "Marzouq, Chowdhury"]
[Black "Israt, Jahan Diba"]
[Site "Tornelo INT"]
[Round "7"]
[Result "0-1"]
[Date "2021.08.29"]
[WhiteElo "1801"]
[BlackElo "1617"]
[PlyCount "122"]
[EventDate "2021.08.27"]
[EventType "tourn (rapid)"]
[EventRounds "9"]
[EventCountry "BAN"]
[SourceTitle "CBM 204 Extra"]
[Source "ChessBase"]
[SourceDate "2021.11.30"]
[SourceVersion "1"]
[SourceVersionDate "2021.11.30"]
[SourceQuality "1"]

1. d4 d5 2. c4 e6 3. Nf3 Nf6 4. g3 c5 5. cxd5 exd5 6. Bg2 Nc6 7. 0-0 cxd4 8. Nxd4 Be7 9. Nc3 0-0 10. a3 h6 11. b4 Be6 12. Bb2 Rc8 13. Nxc6 bxc6 14. Na4 Nd7 15. Rc1 Nb6 16. Nxb6 axb6 17. e4 dxe4 18. Bxe4 c5 19. b5 Qxd1 20. Rfxd1 Rfd8 21. Be5 Rxd1+ 22. Rxd1 c4 23. a4 c3 24. Bc6 c2 25. Re1 Bb4 26. Rc1 Bb3 27. Bf4 Rd8 28. Bf3 Bxa4 29. Kg2 Rd1 30. Bxd1 cxd1Q 31. Rxd1 Bxd1 32. Bc7 Bc5 33. f4 Be2 34. f5 Bxb5 35. g4 Bc6+ 36. Kg3 b5 37. Be5 b4 38. Bb2 b3 39. h4 f6 40. Kf4 Kf7 41. g5 Bd6+ 42. Kg4 Be5 43. Ba3 b2 44. Bxb2 Bxb2 45. gxh6 gxh6 46. Kh5 Bc1 47. Kg4 Be4 48. h5 Bg5 49. Kg3 Bxf5 50. Kf3 Ke6 51. Kg3 Ke5 52. Kf3 Be4+ 53. Kg3 f5 54. Kh3 f4 55. Kh2 f3 56. Kg3 Be3 57. Kg4 f2 58. Kh4 f1Q 59. Kg3 Bf4+ 60. Kg4 Qg2+ 61. Kh4 Qg3# 0-1

[Event "Sheikh Kamal Online Inv"]
[White "Karthik, Venkataraman"]
[Black "Israt, Jahan Diba"]
[Site "Tornelo INT"]
[Round "1"]
[Result "1-0"]
[Date "2021.08.27"]
[WhiteElo "2483"]
[BlackElo "1617"]
[PlyCount "45"]
[EventDate "2021.08.27"]
[EventType "tourn (rapid)"]
[EventRounds "9"]
[EventCountry "BAN"]
[SourceTitle "CBM 204 Extra"]
[Source "ChessBase"]
[SourceDate "2021.11.30"]
[SourceVersion "1"]
[SourceVersionDate "2021.11.30"]
[SourceQuality "1"]

1. e4 c5 2. Nf3 d6 3. d4 cxd4 4. Nxd4 Nf6 5. Nc3 g6 6. Be3 Bg7 7. f3 0-0 8. Qd2 Nc6 9. 0-0-0 d5 10. exd5 Nxd5 11. Nxc6 bxc6 12. Bd4 Nxc3 13. Qxc3 Bxd4 14. Rxd4 Qb6 15. Bc4 Ba6 16. Re1 e6 17. h4 Rfd8 18. Rde4 Bxc4 19. Rxc4 Rd6 20. b3 Rad8 21. Kb2 Qf2 22. h5 Qh4 23. Rxh4 1-0

[Event "World Cup U14 Girls Prel"]
[White "Israt, Jahan Diba"]
[Black "Baldiviezo Plata, Ariadne"]
[Site "Tornelo INT"]
[Round "10"]
[Result "0-1"]
[Date "2021.08.11"]
[WhiteElo "1617"]
[BlackElo "1176"]
[PlyCount "90"]
[EventDate "2021.08.11"]
[EventType "swiss (rapid)"]
[EventRounds "10"]
[EventCountry "NET"]
[SourceTitle "EXT 2025"]
[Source "ChessBase"]
[SourceDate "2024.10.14"]
[SourceVersion "1"]
[SourceVersionDate "2024.10.14"]
[SourceQuality "1"]

1. e4 e5 2. Nf3 Nf6 3. Nc3 Bb4 4. d3 Nc6 5. Be2 0-0 6. 0-0 Be7 7. Bg5 Re8 8. Bxf6 Bxf6 9. Nd5 d6 10. Nxf6+ Qxf6 11. c3 Bg4 12. h3 Bh5 13. Nh2 Bxe2 14. Qxe2 Rad8 15. Ng4 Qe6 16. Ne3 Ne7 17. f4 exf4 18. Rxf4 Ng6 19. Rf2 c6 20. Raf1 Rd7 21. Ng4 Qxa2 22. Qe3 a6 23. Qg3 Qe6 24. h4 h5 25. Ne3 b6 26. Qg5 Qe5 27. Rf5 Qe7 28. Qxh5 Qxh4 29. Qe2 Re5 30. Rxe5 Nxe5 31. Nf5 Qg4 32. Qe3 Qg6 33. Qxb6 Qh5 34. Ne3 Qe2 35. Nf5 Qxd3 36. Qb8+ Kh7 37. Qf8 f6 38. Ne7 Qe3+ 39. Kh1 Qh6+ 40. Kg1 Qe3+ 41. Rf2 Rxe7 42. Qxe7 Ng4 43. Qa7 Qxa7 44. c4 Qxf2+ 45. Kh1 Qf1# 0-1

[Event "World Cup U14 Girls Prel"]
[White "Israt, Jahan Diba"]
[Black "Lukac, Ema"]
[Site "Tornelo INT"]
[Round "6"]
[Result "0-1"]
[Date "2021.08.11"]
[WhiteElo "1617"]
[BlackElo "1137"]
[PlyCount "114"]
[EventDate "2021.08.11"]
[EventType "swiss (rapid)"]
[EventRounds "10"]
[EventCountry "NET"]
[SourceTitle "EXT 2025"]
[Source "ChessBase"]
[SourceDate "2024.10.14"]
[SourceVersion "1"]
[SourceVersionDate "2024.10.14"]
[SourceQuality "1"]

1. e4 c5 2. Nf3 d6 3. d4 cxd4 4. Nxd4 Nf6 5. Nc3 e6 6. Be2 Be7 7. 0-0 0-0 8. f4 a6 9. Kh1 Qc7 10. Be3 b5 11. a3 Bb7 12. Bf3 Nc6 13. f5 Nxd4 14. Bxd4 e5 15. Be3 Rfd8 16. Qe2 d5 17. exd5 Bxd5 18. Nxd5 Nxd5 19. Bxd5 Rxd5 20. Rac1 Rdd8 21. c4 bxc4 22. Rxc4 Qb7 23. Rg4 Kh8 24. h3 Rab8 25. Bc1 Re8 26. Re4 Bf6 27. g4 h6 28. Kh2 Qc7 29. Qxa6 Qe7 30. Qe2 Rbc8 31. Rd1 Qb7 32. b4 Qa7 33. Qe3 Qa4 34. Qf3 Bh4 35. Kg2 Rc2+ 36. Re2 Rcc8 37. Re4 Rc2+ 38. Re2 Rcc8 39. Rf1 Red8 40. Rxe5 Rc2+ 41. Re2 Rcc8 42. Kh1 Rd7 43. Rg2 Rcd8 44. Rh2 Qa7 45. Qg2 Qc7 46. Qg1 Rd3 47. g5 Qc6+ 48. Qg2 Qc7 49. Qg1 Bg3 50. Rg2 Be5 51. Rg4 Rxh3+ 52. Kg2 Qc2+ 53. Qf2 Rh2+ 54. Kg1 Rxf2 55. Rxf2 Qd1+ 56. Kg2 Qxg4+ 57. Kf1 Rd1# 0-1

[Event "Dhaka Walton op"]
[White "Mohammad, Javed"]
[Black "Israt, Jahan Diba"]
[Site "Dhaka"]
[Round "1"]
[Result "1-0"]
[Date "2021.06.15"]
[WhiteElo "2089"]
[BlackElo "1661"]
[PlyCount "67"]
[EventDate "2021.06.15"]
[EventType "swiss"]
[EventRounds "9"]
[EventCountry "BAN"]
[SourceTitle "EXT 2022"]
[Source "ChessBase"]
[SourceDate "2021.10.06"]
[SourceVersion "1"]
[SourceVersionDate "2021.10.06"]
[SourceQuality "1"]

1. e4 c5 2. Nf3 d6 3. d4 cxd4 4. Nxd4 Nf6 5. Nc3 g6 6. Be3 Bg7 7. Be2 0-0 8. 0-0 Nc6 9. h3 Bd7 10. Nb3 Ne8 11. f4 f5 12. Bf3 Nc7 13. Qd2 fxe4 14. Bxe4 Bf5 15. Bf3 Qd7 16. Rad1 Rad8 17. Qf2 e5 18. fxe5 Nxe5 19. Qe2 b6 20. Be4 Qe6 21. Nd4 Qc8 22. Bxf5 gxf5 23. Qh5 Rf7 24. Rxf5 Rdf8 25. Rdf1 Ne6 26. Nd5 Qd7 27. Rxf7 Rxf7 28. Nf5 Kh8 29. b3 Ng6 30. Rf2 Nef4 31. Nxf4 Qxf5 32. Nxg6+ Qxg6 33. Qxg6 hxg6 34. Rxf7 1-0

[Event "BAN Games 9th"]
[White "Kazi Zarin, Tasnim"]
[Black "Israt, Jahan Diba"]
[Site "Dhaka"]
[Round "3.4"]
[Result "1-0"]
[Date "2021.04.06"]
[WhiteElo "1790"]
[BlackElo "1675"]
[PlyCount "41"]
[EventDate "2021.04.04"]
[EventType "team-swiss"]
[EventRounds "5"]
[EventCountry "BAN"]
[SourceTitle "CBM 202 Extra"]
[Source "ChessBase"]
[SourceDate "2021.07.31"]
[SourceVersion "1"]
[SourceVersionDate "2021.07.31"]
[SourceQuality "1"]
[WhiteTeam "Bangladesh Biman"]
[BlackTeam "Dhaka Division"]
[WhiteTeamCountry "BAN"]
[BlackTeamCountry "BAN"]

1. e4 c5 2. c3 d6 3. d4 cxd4 4. cxd4 Nf6 5. Nc3 e6 6. Bd3 Nc6 7. Nf3 Be7 8. 0-0 0-0 9. a3 a6 10. Re1 b5 11. e5 Nd5 12. Qc2 Nxc3 13. Bxh7+ Kh8 14. bxc3 g6 15. Bxg6 fxg6 16. Qxg6 Qe8 17. Qh6+ Kg8 18. Re4 Qd8 19. Rg4+ Bg5 20. Qg6+ Kh8 21. Nxg5 1-0

[Event "BAN Games Blitz (Women) 9th"]
[White "Israt, Jahan Diba"]
[Black "Taspia, Tahsin Prima"]
[Site "Dhaka"]
[Round "3.2"]
[Result "1-0"]
[Date "2021.04.03"]
[WhiteElo "1675"]
[BlackElo "1328"]
[PlyCount "41"]
[EventDate "2021.04.03"]
[EventType "swiss (blitz)"]
[EventRounds "9"]
[EventCountry "BAN"]
[SourceTitle "CBM 201 Extra"]
[Source "ChessBase"]
[SourceDate "2021.05.31"]
[SourceVersion "1"]
[SourceVersionDate "2021.05.31"]
[SourceQuality "1"]

1. e4 e5 2. Nf3 Nc6 3. Bc4 Bc5 4. c3 Nf6 5. d4 exd4 6. e5 Ne4 7. Bb5 dxc3 8. 0-0 0-0 9. Nxc3 Nxc3 10. bxc3 Re8 11. Qd5 Bb6 12. Bc4 Re6 13. Ng5 Rxe5 14. Qxf7+ Kh8 15. Qh5 Rxg5 16. Bxg5 Qf8 17. Bd3 h6 18. Qg6 Qg8 19. Rae1 d5 20. Re8 Bd7 21. Qh7# 1-0

[Event "BAN Games Blitz (Women) 9th"]
[White "Parveen, Tanima"]
[Black "Israt, Jahan Diba"]
[Site "Dhaka"]
[Round "7.2"]
[Result "1-0"]
[Date "2021.04.03"]
[WhiteElo "1984"]
[BlackElo "1675"]
[PlyCount "112"]
[EventDate "2021.04.03"]
[EventType "swiss (blitz)"]
[EventRounds "9"]
[EventCountry "BAN"]
[SourceTitle "CBM 201 Extra"]
[Source "ChessBase"]
[SourceDate "2021.05.31"]
[SourceVersion "1"]
[SourceVersionDate "2021.05.31"]
[SourceQuality "1"]

1. e4 c5 2. c3 d6 3. d4 cxd4 4. cxd4 Nf6 5. Bd3 e6 6. Nf3 Be7 7. 0-0 Nc6 8. a3 0-0 9. Nc3 a6 10. h3 b5 11. Re1 Bb7 12. Be3 Rc8 13. Rc1 Qd7 14. b4 Rfd8 15. Bb1 Bf8 16. Bg5 Be7 17. Qe2 h6 18. Be3 Qe8 19. Red1 a5 20. bxa5 Nxa5 21. Qxb5 Qxb5 22. Nxb5 Bxe4 23. Bd2 Nb3 24. Rxc8 Rxc8 25. Bb4 Bxf3 26. gxf3 Ne8 27. Ba2 Nc1 28. Bb1 Ne2+ 29. Kh2 Nf4 30. Kg3 Nd5 31. Bd2 Rb8 32. Bd3 Nec7 33. a4 Ra8 34. a5 Nxb5 35. Bxb5 Nc7 36. Bc6 Ra7 37. Rb1 Kh7 38. Rb7 Rxb7 39. Bxb7 Nb5 40. Be3 Bd8 41. Bc6 Na7 42. Be4+ f5 43. Bd3 Bxa5 44. d5 Nc8 45. dxe6 Kg6 46. Ba6 Ne7 47. Bd4 Bc7 48. f4 Nd5 49. Bb7 Ne7 50. f3 Kh7 51. Kf2 d5 52. Ke3 Ng6 53. Bxd5 Bxf4+ 54. Kd3 Bd6 55. Kc4 Nf4 56. Bc5 Bxc5 1-0